Top 10 largest moons - Statistics

General Stats
  • This quiz has been taken 44 times
  • The average score is 8 of 10
Answer Stats
Size(mi.) Planet Moon % Correct
3,200 Saturn Titan
100%
2,159 Earth Moon
91%
3,274 Jupiter Ganymede
87%
1,940 Jupiter Europa
83%
2,264 Jupiter Io
83%
2,995 Jupiter Callisto
78%
1,682 Neptune Triton
74%
980 Uranus Titania
65%
950 Saturn Rhea
61%
946 Uranus Oberon
52%
No matching quizzes found
Score Distribution
Percent of People with Each Score
Percentile by Number Answered
Your Score History
You have not taken this quiz